|
|
|
|
| LEADER |
00000nab a2200000 a 4500 |
| 001 |
vtls000848067 |
| 003 |
SK-MaSNL |
| 005 |
20260304181727.0 |
| 008 |
250429c2003 xo 0 slo |
| 015 |
|
|
|a SNBRB2003/10-26575
|
| 035 |
|
|
|a CLN000199722
|
| 035 |
|
|
|a urn:nbn:sk:snk-ab1pks
|
| 035 |
|
|
|a (urnnbn)urn:nbn:sk:snk:ar-004uxw
|
| 035 |
|
|
|a (uuid)22f30137-e6be-437f-a0d3-4cdaf283e5c2
|
| 040 |
|
|
|a SNKBUCL
|b slo
|c SNKBUCL
|e AACR2
|
| 041 |
0 |
|
|a slo
|
| 044 |
|
|
|a xo
|c SK
|
| 080 |
|
|
|a 614.35(437.6)
|2 1997
|
| 080 |
|
|
|a 615.2
|2 1997
|
| 110 |
0 |
|
|a Slovensko.
|b Ministerstvo zdravotníctva
|4 aut
|9 120432
|
| 245 |
0 |
0 |
|a Vyhláška Ministerstva zdravotníctva Slovenskej republiky č. 518/2001 Z.z., ktorou sa ustanovujú podrobnosti o registrácii liekov
|c Ministerstvo zdravotníctva Slovenskej republiky
|
| 504 |
|
|
|a Bibliogr. odkazy
|
| 650 |
0 |
7 |
|a lieky
|x registrácia
|z Slovensko
|x vyhlášky
|2 snkbucl
|9 1512113
|
| 650 |
0 |
7 |
|a registrácia lieku
|z Slovensko
|x vyhlášky
|2 snkbucl
|9 1512114
|
| 655 |
|
7 |
|a články z novín a časopisov
|2 snkbucl
|9 267496
|
| 773 |
0 |
|
|t Farmaceutický obzor
|g Roč. 72, č. 7 (2003), s. 181-183
|x 0014-8172
|
| 850 |
|
|
|a Slovenská národná knižnica
|
| 852 |
|
|
|a Slovenská národná knižnica
|
| 954 |
|
|
|a odborná, vedecká literatúra pôvodná (slovenská)
|2 lita
|
| 958 |
|
|
|a article27
|
| 958 |
|
|
|a OND
|
| 958 |
|
|
|a MI
|
| 958 |
|
|
|a SK
|
| 958 |
|
|
|a NB
|
| 958 |
|
|
|a EUIPO
|
| 992 |
|
|
|a RBX
|
| 999 |
|
|
|c 3025613
|d 3027543
|